| 000 -LEADER |
| fixed length control field |
00386nam a22001457a 4500 |
| 003 - CONTROL NUMBER IDENTIFIER |
| control field |
OSt |
| 005 - DATE AND TIME OF LATEST TRANSACTION |
| control field |
20200616111256.0 |
| 008 - FIXED-LENGTH DATA ELEMENTS--GENERAL INFORMATION |
| fixed length control field |
200616b ||||| |||| 00| 0 eng d |
| 020 ## - INTERNATIONAL STANDARD BOOK NUMBER |
| International Standard Book Number |
9781907317101 |
| 082 ## - DEWEY DECIMAL CLASSIFICATION NUMBER |
| Classification number |
745.2 |
| Item number |
CZE |
| 100 ## - MAIN ENTRY--PERSONAL NAME |
| Personal name |
Czerwinski Michael Perez Santiago et al. |
| 110 ## - MAIN ENTRY--CORPORATE NAME |
| Corporate name or jurisdiction name as entry element |
Duncan McCorquodale (Editor) |
| 245 ## - TITLE STATEMENT |
| Title |
utside the box : cardboard design now |
| 942 ## - ADDED ENTRY ELEMENTS (KOHA) |
| Source of classification or shelving scheme |
|